Catálogo
 En Linea

Ley núm. 137-11 orgánica del tribunal constitucional y de los procedimientos constitucionales, modificada por la ley núm.145-11 del 4 de julio de 2011 : (Registro nro. 41795)

Detalles MARC
000 -CABECERA
campo de control de longitud fija 01015nam a2200253 a 4500
001 - NÚMERO DE CONTROL
campo de control 000042306
003 - IDENTIFICADOR DEL NÚMERO DE CONTROL
campo de control DO-SdBNP
005 - FECHA Y HORA DE LA ÚLTIMA TRANSACCIÓN
campo de control 20230126095524.0
007 - CAMPO FIJO DE DESCRIPCIÓN FÍSICA--INFORMACIÓN GENERAL
campo de control de longitud fija ta
008 - DATOS DE LONGITUD FIJA--INFORMACIÓN GENERAL
campo de control de longitud fija 131122s2011 dr 000 0 spa d
040 ## - FUENTE DE LA CATALOGACIÓN
Centro catalogador/agencia de origen DO-SdBNP
Lengua de catalogación spa
Centro/agencia transcriptor BNPHU
082 ## - NÚMERO DE LA CLASIFICACIÓN DECIMAL DEWEY
Número de clasificación xxx
Número de documento/Ítem R426L
Número de edición 22
110 2# - ENTRADA PRINCIPAL--NOMBRE DE ENTIDAD CORPORATIVA
Nombre de entidad corporativa o nombre de jurisdicción como elemento de entrada República Dominicana
9 (RLIN) 447
240 10 - TÍTULO UNIFORME
Título uniforme [Ley orgánica]
245 10 - MENCIÓN DE TÍTULO
Título Ley núm. 137-11 orgánica del tribunal constitucional y de los procedimientos constitucionales, modificada por la ley núm.145-11 del 4 de julio de 2011 :
Resto del título ley núm. 29-11 orgánica del tribunal electoral : ley núm. 138-11 orgánica del Consejo Nacional de la Magistratura.
246 10 - FORMA VARIANTE DE TÍTULO
Título propio/Titulo breve Ley núm. 29-11 orgánica del tribunal electoral : ley núm. 138-11 orgánica del Consejo Nacional de la Magistratura
260 ## - PUBLICACIÓN, DISTRIBUCIÓN, ETC.
Lugar de publicación, distribución, etc. Santo Domingo :
Nombre del editor, distribuidor, etc. Fundación Justicia y Transparencia (FJT),
Fecha de publicación, distribución, etc. 2011.
300 ## - DESCRIPCIÓN FÍSICA
Extensión 77 p. ;
Dimensiones 24 cm.
490 1# - MENCIÓN DE SERIE
Mención de serie Leyes
590 ## - NOTA LOCAL (RLIN)
Nota local Inventariado, 2023 / DG
830 #0 - PUNTO DE ACCESO ADICIONAL DE SERIE-TÍTULO UNIFORME
Título uniforme Leyes
9 (RLIN) 69362
910 ## - DATOS DE OPCIÓN DEL USUARIO (OCLC)
Datos de opción del usuario DG
942 ## - ELEMENTOS DE PUNTO DE ACCESO ADICIONAL (KOHA)
Fuente del sistema de clasificación o colocación Dewey Decimal Classification
Tipo de ítem Koha Libro
Existencias
Estado de retiro Estado de pérdida Restricciones de uso No para préstamo Código de colección Localización permanente Ubicación/localización actual Ubicación en estantería Fecha de adquisición Número de inventario Total de préstamos Signatura topográfica completa Código de barras Fecha visto por última vez Número de copia Precio válido a partir de Tipo de ítem Koha Fuente del sistema de clasificación o colocación
    Préstamo en sala   Dominicana de Servicio Biblioteca Nacional Pedro Henríquez Ureña Biblioteca Nacional Pedro Henríquez Ureña En catalogación 26.01.2023     xxx R426L 2023-0437 26.01.2023 e.4 26.01.2023 Libro Dewey Decimal Classification
    Préstamo interno   Dominicana de Servicio General General En catalogación 22.11.2013 LF1   42306-30 25.06.2020 e. 3 25.06.2020 Libro y Folleto Colección Dominicana de Servicio  
      Excluido de préstamo Patrimonio Dominicano Patrimonio Dominicano Patrimonio Dominicano En catalogación 22.11.2013 LF1   42306-10 25.06.2020 e. 2 25.06.2020 Libro y Folleto Colección Patrimonio Dominicano  
      Excluido de préstamo Patrimonio Dominicano Patrimonio Dominicano Patrimonio Dominicano En catalogación 22.11.2013 LF1   42306-20 25.06.2020   25.06.2020 Libro y Folleto Colección Patrimonio Dominicano  

Con tecnología Koha